<?xml version="1.0" encoding="UTF-8"?>
<collection xmlns="http://www.loc.gov/MARC21/slim">
  <record>
    <leader>00000nam  2200000   4500</leader>
    <controlfield tag="001">INLIS000000000020648</controlfield>
    <controlfield tag="005">20250728102838</controlfield>
    <datafield tag="035" ind1="#" ind2="#">
      <subfield code="a">0010-0725000178</subfield>
    </datafield>
    <controlfield tag="007">ta</controlfield>
    <controlfield tag="008">250728################|##########|#|##</controlfield>
    <datafield tag="084" ind1="#" ind2="#">
      <subfield code="a">R 0027 PKA 2024</subfield>
    </datafield>
    <datafield tag="100" ind1=" " ind2="#">
      <subfield code="a">Harti Fitriani</subfield>
    </datafield>
    <datafield tag="245" ind1="1" ind2="#">
      <subfield code="a">Program Edukasi Perisai Siber Untuk Meningkatkan Kesadaran Keamanan Siber Di Lingkungan LAN /</subfield>
      <subfield code="c">Harti Fitriani</subfield>
    </datafield>
    <datafield tag="260" ind1="#" ind2="#">
      <subfield code="a">Jakarta :</subfield>
      <subfield code="b">Pusbangkom Pimnas dan Manajerial ASN,</subfield>
      <subfield code="c">2024</subfield>
    </datafield>
    <datafield tag="300" ind1="#" ind2="#">
      <subfield code="a">18 hlm. ;</subfield>
      <subfield code="c">30 cm</subfield>
    </datafield>
    <datafield tag="650" ind1="#" ind2="4">
      <subfield code="a">Keamanan Siber</subfield>
    </datafield>
    <datafield tag="520" ind1="#" ind2="#">
      <subfield code="a">Rendahnya kesadaran pegawai terhadap keamanan siber menjadi salah satu faktor utama penyebab terjadinya berbagai insiden. Meskipun telah dilakukan berbagai upaya sosialisasi, namun pemahaman dan kepedulian pegawai terhadap isu keamanan siber masih belum optimal. Hal ini dikarenakan beberapa faktor, seperti kurangnya kesadaran akan risiko yang dihadapi, kesulitan dalam memahami materi keamanan siber, serta kurangnya motivasi untuk menerapkan praktik keamanan yang baik. Untuk mengatasi permasalahan tersebut, LAN telah merancang program Edukasi Perisai Siber (PEPSi) yang bertujuan untuk meningkatkan kesadaran keamanan siber di kalangan pegawai.</subfield>
    </datafield>
    <datafield tag="990" ind1="#" ind2="#">
      <subfield code="a">2024/1.2.3/A/0027</subfield>
    </datafield>
  </record>
</collection>
